| 000 | 01759ngm a2200373 4500 | ||
|---|---|---|---|
| 003 | dpl | ||
| 005 | 20091112154730.0 | ||
| 007 | DVD | ||
| 008 | ||||||sp199 xxu|||||c ||| 00| 0 ng d | ||
| 010 | _aDVD-004518-4520 | ||
| 024 | _c99.00 | ||
| 035 | _aDVD-004518-4520 | ||
| 040 |
_aDPL _cDPL |
||
| 082 | _aDVD / DESP | ||
| 245 |
_aDes Pardes _cDev Anand Presents _h[videorecording] DVD/ |
||
| 260 | _bShemaroo Video Pvt. Ltd. | ||
| 300 |
_a1 videodisc DVD; _bsd., col. ; _c4 3/4 in. _fDVD |
||
| 440 | _aShemaroo Home Entertainment | ||
| 500 | _aThis is a Video CD with Digital Audio, Full Motion Video and Play Back Control suitable for Video CD players and Multimedia Pc's with MPEG card. | ||
| 500 | _aThis title is complete with 2 discs Not to be sold individually | ||
| 538 | _aDolby Digital 5.1 - Hindi Subtitles: English | ||
| 650 | _aMotion Picture | ||
| 700 | _aAnand, Dev | ||
| 700 | _aRoshan, Rajesh | ||
| 700 | _aTina Munim | ||
| 700 | _aPran | ||
| 700 | _aAmjad Khan | ||
| 700 | _aAjit | ||
| 942 |
_cCF _2ddc _hDVD _mDESP |
||
| 999 |
_c31730 _d31730 |
||